Marketingový audit z pohľadu teórie a praxe

Nový teoretický pohľad a poznatky na marketingový audit. Prezentácia výsledkov zahraničných výskumníkov.

Enregistré dans:
Détails bibliographiques
Auteur principal: Kličková, Šárka
Format: Chapitre de livre
Langue:slovaque
Sujets:
Tags: Ajouter un tag
Pas de tags, Soyez le premier à ajouter un tag!

MARC

LEADER 00000naa a2200000 4500
001 0191954
005 20240502073224.4
041 0 |a slo 
044 |a SK 
245 1 0 |a Marketingový audit z pohľadu teórie a praxe  |c Šárka Kličková 
520 |a Nový teoretický pohľad a poznatky na marketingový audit. Prezentácia výsledkov zahraničných výskumníkov. 
610 2 0 |a marketing 
610 2 0 |a audit 
610 2 0 |a teória a prax 
100 1 |a Kličková, Šárka